000 01556nam a22003497a 4500
001 00340
003 DO-SdBNP
005 20180313102444.0
007 00340
008 160510b dr 2000 00| 0 spa d
020 _a848261326X
040 _aBPMSU
_bspa
_cBPMSU
092 _a373.832
_bM828c 1er. 2000
100 1 _aMorales, Marcos
245 1 _aCívica ; educación média :
_bdeberes y derechos de los dominicanos; 1er. curso / primer ciclo/
_cMarcos Morales ; dirección editorial Obdulia García de Escobar ; editora Margarita Castro Catrain
260 _aSanto Domingo :
_bSantillana,
_c2000.
300 _a119 p. :
_bil. ;
_c28 cm.
500 _aEdición anotada para el profesor
500 _a1er. curso/primer ciclo
505 _tLa dignidad humana --
_tLas personas y el derecho --
_tLas personas y las instituciones --
_tLas instituciones y sus normas --
_tEl trabajo, una necesidad, un derecho --
_tLa salud entre la familia y el estado --
_tLa escuela y el aprendizaje --
_tLos movimientos sociales.
650 4 _aEDUCACIÓN CÍVICA
_xENSEÑANZA BÁSICA
650 4 _aEDUCACIÓN CÍVICA
_xESTUDIOS Y EJERCICIOS
650 4 _aEDUCACIÓN CÍVICA
_xLIBROS DE TEXTOS
650 4 _aEDUCACIÓN CÍVICA
_xEDUCACIÓN SECUNDARIA
650 4 _aEDUCACIÓN SECUNDARIA
_zREPÚBLICA DOMINICANA
700 1 2 _aGarcía de Escobar, Obdulia,
_e ed.
700 1 2 _aCastro Catrain, Margarita,
_eed.
910 _aValidado. Control de calidad MFF
942 _2ddc
_cBK
945 _ainventariado, 2018 / dg
956 _aBTAVÁREZ
_b10
_c20160510
_d00340
999 _c10060
_d10060